000 00538nam a22001937a 4500
003 KOHA_MİRAKIL
005 20251125110006.0
008 251125b tu ||||| |||| 00| 0 tur d
020 _a9789752204225
040 _aTR-AnABB
_btur
_cTR-AnABB
041 _atur
082 _a813.42
_bOZA 2013
100 1 _aÖzakman, Turgut,
245 1 0 _aÇılgın Türkler Kıbrıs /
_cTurgut Özakman
260 _aAnkara :
_bBilgi Yayınevi,
_c2013
300 _a459 sayfa ;
_c21 cm
650 0 4 _aTürk edebiyatı, roman
942 _2ddc
_cBK
999 _c9617
_d9617
900 _bGizem YORULMAZ